[Event "ITA-chT A1.1"]
[Site "Arvier"]
[Date "2013.03.16"]
[Round "2"]
[White "Barletta, Mauro"]
[Black "De Luca, Fabio"]
[Result "1/2-1/2"]
[WhiteElo "2221"]
[BlackElo "1977"]
[PlyCount "108"]
[EventDate "2013.03.15"]
[EventType "team"]
[EventRounds "5"]
[EventCountry "ITA"]
[SourceTitle "EXT 2014"]
[Source "ChessBase"]
[SourceDate "2013.11.20"]
[SourceVersion "1"]
[SourceVersionDate "2013.11.20"]
[SourceQuality "1"]

1. Nf3 c5 2. c4 g6 3. g3 Bg7 4. Bg2 Nc6 5. Nc3 Nh6 6. d4 cxd4 7. Bxh6 Bxh6 8. Nxd4 Qb6 9. Nb3 Bg7 10. Rc1 0-0 11. 0-0 Rb8 12. Qd2 d6 13. Rfd1 Be6 14. Nd5 Bxd5 15. Bxd5 Nb4 16. Nd4 Nxd5 17. cxd5 Rbc8 18. e3 Bxd4 19. Qxd4 Qxd4 20. exd4 Rfd8 21. Kf1 Kf8 22. Ke2 Ke8 23. Kd3 Kd7 24. g4 h6 25. Rxc8 Rxc8 26. Re1 Rh8 27. Re3 f6 28. Ke4 Rc8 29. Kd3 Re8 30. f4 Rc8 31. Rh3 Rh8 32. Ke4 Kc7 33. f5 g5 34. Kd3 Kd7 35. Kd2 Kc7 36. Kc2 Kd7 37. Kb3 Kc7 38. a3 Kd7 39. Kb4 Kc7 40. a4 Kd7 41. Kb5 Kc7 42. Rc3+ Kd7 43. a5 h5 44. Rh3 h4 45. Rc3 Rb8 46. b4 Kd8 47. h3 Kd7 48. Rc1 Kd8 49. Rc2 Kd7 50. Rc4 Ra8 51. Ka4 Rc8 52. Rxc8 Kxc8 53. Kb5 Kc7 54. a6 b6 1/2-1/2

[Event "ITA-chT A1.1"]
[Site "Arvier"]
[Date "2013.03.16"]
[Round "3"]
[White "De Luca, Fabio"]
[Black "Mariano, Elia"]
[Result "0-1"]
[WhiteElo "1977"]
[BlackElo "2156"]
[PlyCount "120"]
[EventDate "2013.03.15"]
[EventType "team"]
[EventRounds "5"]
[EventCountry "ITA"]
[SourceTitle "EXT 2014"]
[Source "ChessBase"]
[SourceDate "2013.11.20"]
[SourceVersion "1"]
[SourceVersionDate "2013.11.20"]
[SourceQuality "1"]

1. e4 c6 2. Nc3 d5 3. Nf3 Bg4 4. h3 Bxf3 5. Qxf3 Nf6 6. d3 e6 7. Bd2 Nbd7 8. g4 h6 9. Qg3 dxe4 10. dxe4 e5 11. 0-0-0 Bb4 12. Bg2 Qe7 13. Kb1 0-0-0 14. a3 Bd6 15. Be3 Bc5 16. Na4 Bxe3 17. Qxe3 Kc7 18. Bf3 Nb6 19. Nxb6 axb6 20. Be2 Rxd1+ 21. Rxd1 Nd7 22. Bc4 f6 23. h4 Rd8 24. g5 fxg5 25. hxg5 Qxg5 26. Qxg5 hxg5 27. Rg1 Nf6 28. Bd3 g4 29. Kc1 Rd7 30. Rg3 b5 31. b4 Kd8 32. Re3 g5 33. Kd2 Rh7 34. Rg3 Rh3 35. Ke2 Rh1 36. f3 Rh2+ 37. Kf1 Rh4 38. Kg2 gxf3+ 39. Kxf3 Rf4+ 40. Kg2 Rg4 41. Rxg4 Nxg4 42. Kf3 Nf6 43. c4 bxc4 44. Bxc4 Ke7 45. a4 Kd6 46. a5 Kc7 47. Bf1 b6 48. Be2 c5 49. axb6+ Kxb6 50. b5 g4+ 51. Ke3 g3 52. Bd3 Ne8 53. Kf3 Nd6 54. Kxg3 c4 55. Bc2 Kxb5 56. Kg4 Kb4 57. Kg5 Kc3 58. Ba4 Kd4 59. Bc2 Nxe4+ 60. Kf5 Nd6+ 0-1

[Event "Biella op 3rd"]
[Site "Biella"]
[Date "2012.09.28"]
[Round "1"]
[White "Brunello, Sabino"]
[Black "De Luca, Fabio"]
[Result "1-0"]
[WhiteElo "2581"]
[BlackElo "1989"]
[PlyCount "71"]
[EventDate "2012.09.28"]
[EventType "swiss"]
[EventRounds "9"]
[EventCountry "ITA"]
[SourceTitle "EXT 2013"]
[Source "ChessBase"]
[SourceDate "2012.11.22"]
[SourceVersion "1"]
[SourceVersionDate "2012.11.22"]
[SourceQuality "1"]

1. e4 c5 2. d3 Nc6 3. f4 g6 4. Nf3 Bg7 5. Be2 d6 6. 0-0 e6 7. c3 Nge7 8. Be3 0-0 9. d4 d5 10. e5 Nf5 11. Bf2 cxd4 12. cxd4 h5 13. Nc3 Bd7 14. Bd3 Nh6 15. h3 a6 16. Rc1 Rc8 17. Ng5 Qa5 18. a3 Na7 19. Ra1 Nb5 20. Ne2 Na7 21. a4 Nc6 22. Qb1 Be8 23. Be1 Qb6 24. a5 Qc7 25. Ra3 Nf5 26. Bc3 Ne3 27. Rc1 Nc4 28. Ra1 Qd8 29. b3 Ne3 30. Kf2 Nf5 31. g4 hxg4 32. hxg4 Nh6 33. Kg3 Bd7 34. Bxg6 fxg6 35. Qxg6 Re8 36. Rh1 1-0

[Event "Imperia op-A 54th"]
[Site "Imperia"]
[Date "2012.09.09"]
[Round "9"]
[White "Melone, Antonio"]
[Black "De Luca, Fabio"]
[Result "1-0"]
[WhiteElo "2149"]
[BlackElo "1989"]
[PlyCount "79"]
[EventDate "2012.09.02"]
[EventType "swiss"]
[EventRounds "9"]
[EventCountry "ITA"]
[SourceTitle "EXT 2014"]
[Source "ChessBase"]
[SourceDate "2013.11.20"]
[SourceVersion "1"]
[SourceVersionDate "2013.11.20"]
[SourceQuality "1"]

1. d4 Nf6 2. c4 a6 3. g3 c5 4. d5 b5 5. Bg2 Bb7 6. e4 d6 7. Ne2 g6 8. 0-0 Bg7 9. a4 bxc4 10. Na3 0-0 11. Nxc4 Nbd7 12. a5 Rb8 13. Nc3 Ba8 14. f4 Ne8 15. Re1 Rb4 16. Qd3 Qb8 17. Bh3 Bd4+ 18. Be3 Bxe3+ 19. Rxe3 Ndf6 20. e5 dxe5 21. fxe5 Nh5 22. Na4 Nc7 23. Nab6 Rd8 24. d6 Ne6 25. Bxe6 fxe6 26. Rf1 exd6 27. exd6 Ng7 28. d7 Bc6 29. Ne5 Bb5 30. Qc2 Bxf1 31. Nc6 Qc7 32. Nxd8 Qxd8 33. Qxc5 Rxb6 34. axb6 Qxd7 35. Rf3 Nf5 36. Rxf1 h5 37. h3 Qd3 38. Qf2 Qd8 39. b7 Qb8 40. g4 1-0

[Event "Imperia op-A 54th"]
[Site "Imperia"]
[Date "2012.09.03"]
[Round "2"]
[White "Formento, Paolo"]
[Black "De Luca, Fabio"]
[Result "1/2-1/2"]
[WhiteElo "2147"]
[BlackElo "1989"]
[PlyCount "94"]
[EventDate "2012.09.02"]
[EventType "swiss"]
[EventRounds "9"]
[EventCountry "ITA"]
[SourceTitle "EXT 2014"]
[Source "ChessBase"]
[SourceDate "2013.11.20"]
[SourceVersion "1"]
[SourceVersionDate "2013.11.20"]
[SourceQuality "1"]

1. e4 c5 2. Nf3 Nf6 3. Nc3 Nc6 4. d4 d5 5. exd5 Nxd5 6. Nxd5 Qxd5 7. c4 Qe4+ 8. Be2 Nxd4 9. Nxd4 Qxd4 10. Qc2 Qd6 11. Be3 Bd7 12. 0-0 e6 13. Rad1 Qc7 14. Qd2 Be7 15. Bf4 Qc8 16. Bd6 Bxd6 17. Qxd6 Qc6 18. Bf3 Qxd6 19. Rxd6 0-0-0 20. Rfd1 b6 21. Be4 Ba4 22. Rxd8+ Rxd8 23. Rxd8+ Kxd8 24. Bxh7 g6 25. h4 Bc2 26. h5 Ke7 27. f4 Kf8 28. h6 Bd3 29. Kf2 Bxc4 30. a3 Bd3 31. Ke3 Bc2 32. Kd2 Bf5 33. Ke3 b5 34. Kf3 b4 35. axb4 cxb4 36. Ke3 a5 37. Kd4 a4 38. Kc4 a3 39. bxa3 bxa3 40. Kb3 Be4 41. g3 Bf5 42. Kxa3 Be4 43. Kb4 f6 44. Kc5 Kf7 45. Kd4 Bf5 46. Kc5 Be4 47. Kd4 Bf5 1/2-1/2

[Event "Imperia op-A 54th"]
[Site "Imperia"]
[Date "2012.09.02"]
[Round "1"]
[White "De Luca, Fabio"]
[Black "Kljako, Damir"]
[Result "0-1"]
[WhiteElo "1989"]
[BlackElo "2208"]
[PlyCount "126"]
[EventDate "2012.09.02"]
[EventType "swiss"]
[EventRounds "9"]
[EventCountry "ITA"]
[SourceTitle "EXT 2014"]
[Source "ChessBase"]
[SourceDate "2013.11.20"]
[SourceVersion "1"]
[SourceVersionDate "2013.11.20"]
[SourceQuality "1"]

1. e4 g6 2. d4 Bg7 3. Nc3 d6 4. Be3 c6 5. Qd2 b5 6. f3 h5 7. h4 Nd7 8. Nh3 Ngf6 9. Ng5 0-0 10. Ne2 e5 11. dxe5 Nxe5 12. Nf4 Qe7 13. a4 Nc4 14. Bxc4 bxc4 15. 0-0 d5 16. exd5 Nxd5 17. Bd4 Bxd4+ 18. Qxd4 Qe3+ 19. Qxe3 Nxe3 20. Rf2 Bf5 21. c3 Rfe8 22. Re1 Nc2 23. Ree2 Na1 24. Ne4 Bxe4 25. Rxe4 Rxe4 26. fxe4 Re8 27. Re2 Re5 28. Kf2 Nb3 29. Kf3 a5 30. g3 Nc5 31. Rd2 Nxa4 32. Rd6 Rc5 33. Ke3 Nxb2 34. Kd4 Na4 35. e5 Rb5 36. Rxc6 Nb6 37. Rc5 Rxc5 38. Kxc5 a4 39. Kb4 Kf8 40. e6 Ke7 41. exf7 Kxf7 42. Ne2 Ke6 43. Kb5 a3 44. Nc1 Nd5 45. Kxc4 Ke5 46. Nd3+ Ke4 47. Nc5+ Ke5 48. Nd3+ Kf5 49. Kb3 a2 50. Kxa2 Nxc3+ 51. Kb2 Ne2 52. Kc2 Nxg3 53. Kd2 Ke4 54. Nc5+ Ke5 55. Nd7+ Ke6 56. Nf8+ Kf6 57. Nh7+ Kf5 58. Ke3 Kg4 59. Nf8 Nf5+ 60. Kf2 Nxh4 61. Nh7 Kf4 62. Nf6 Nf5 63. Kg2 Ne3+ 0-1

[Event "Biella op 1st"]
[Site "Biella"]
[Date "2010.09.24"]
[Round "1"]
[White "De Luca, Fabio"]
[Black "Genocchio, Daniele"]
[Result "0-1"]
[WhiteElo "1803"]
[BlackElo "2449"]
[PlyCount "62"]
[EventDate "2010.09.24"]
[EventType "swiss"]
[EventRounds "5"]
[EventCountry "ITA"]
[SourceTitle "EXT 2024"]
[Source "ChessBase"]
[SourceDate "2023.10.10"]
[SourceVersion "1"]
[SourceVersionDate "2023.10.10"]
[SourceQuality "1"]

1. e4 c5 2. Nf3 Nc6 3. d4 cxd4 4. c3 Nf6 5. e5 Nd5 6. Bc4 e6 7. cxd4 d6 8. 0-0 Be7 9. exd6 Qxd6 10. Nc3 Nxc3 11. bxc3 0-0 12. a4 b6 13. Ba3 Qc7 14. Bxe7 Nxe7 15. Bd3 Qxc3 16. Bxh7+ Kxh7 17. Ng5+ Kg8 18. Rc1 Qa3 19. Ra1 Qc3 20. Rc1 Qa5 21. Rc5 Qa6 22. Rc3 f6 23. Ne4 Qa5 24. Rh3 Bb7 25. Nd6 Qd5 26. Nxb7 Qxb7 27. Qg4 Qd5 28. Re1 Rac8 29. Rh5 Nf5 30. Qh3 Qc4 31. Rd1 Qc1 0-1

[Event "Imperia Corallo op-A 3rd"]
[Site "Imperia"]
[Date "2008.11.22"]
[Round "3"]
[White "Carzolio, Luigi"]
[Black "De Luca, Fabio"]
[Result "1-0"]
[WhiteElo "1937"]
[BlackElo "1736"]
[PlyCount "103"]
[EventDate "2008.11.21"]
[EventType "swiss"]
[EventRounds "5"]
[EventCountry "ITA"]
[SourceTitle "EXT 2011"]
[Source "ChessBase"]
[SourceDate "2010.11.26"]
[SourceVersion "1"]
[SourceVersionDate "2010.11.26"]
[SourceQuality "1"]

1. e4 c5 2. Nc3 Nc6 3. f4 e6 4. Nf3 d5 5. exd5 exd5 6. Bb5 a6 7. Bxc6+ bxc6 8. 0-0 Nf6 9. Re1+ Be7 10. Qe2 Bg4 11. d3 Bxf3 12. Qxf3 0-0 13. Bd2 Re8 14. Re2 Qb6 15. Na4 Qb5 16. b3 Bd6 17. c4 Qb7 18. Rae1 Rxe2 19. Rxe2 Qd7 20. Nb6 Qb7 21. Nxa8 Qxa8 22. Ba5 Qc8 23. f5 h6 24. Bc3 d4 25. Bd2 Qc7 26. g3 Nd7 27. f6 Ne5 28. Qe4 g5 29. Qf5 Kh8 30. Kg2 Kg8 31. Bxg5 hxg5 32. Qxg5+ Kf8 33. h4 Ke8 34. h5 Kd7 35. Qf5+ Kd8 36. h6 Ng6 37. h7 Qd7 38. Qxg6 fxg6 39. h8Q+ Kc7 40. Qg7 Kc8 41. Qxd7+ Kxd7 42. f7 Be7 43. Kf3 Kd8 44. Re6 g5 45. Rxc6 a5 46. g4 Kd7 47. Ra6 Bf8 48. Ke4 Be7 49. Kf5 Bf8 50. Ra7+ Kd8 51. Ke6 Bg7 52. Ra8+ 1-0

[Event "ITA-ch U14"]
[Site "Merano"]
[Date "2008.07.11"]
[Round "8"]
[White "Palazzotto, Roberto"]
[Black "De Luca, Fabio"]
[Result "1-0"]
[WhiteElo "1740"]
[BlackElo "1566"]
[PlyCount "55"]
[EventDate "2008.07.06"]
[EventType "swiss"]
[EventRounds "9"]
[EventCountry "ITA"]
[SourceTitle "EXT 2011"]
[Source "ChessBase"]
[SourceDate "2010.11.26"]
[SourceVersion "1"]
[SourceVersionDate "2010.11.26"]
[SourceQuality "1"]

1. e4 c5 2. Nf3 d6 3. d4 cxd4 4. Nxd4 Nf6 5. Nc3 g6 6. Be3 Bg7 7. f3 0-0 8. Qd2 Nc6 9. 0-0-0 Bd7 10. g4 Rc8 11. h4 h5 12. gxh5 Nxh5 13. Rg1 a6 14. Nxc6 bxc6 15. Bh6 Qa5 16. Bxg7 Kxg7 17. Rg5 Qb6 18. Rxh5 gxh5 19. Qg5+ Kh7 20. Qxh5+ Kg7 21. Qg5+ Kh7 22. Bd3 Rg8 23. e5+ Rg6 24. h5 Rcg8 25. Qxe7 Qe3+ 26. Kb1 Qxf3 27. hxg6+ Kg7 28. Rf1 1-0

[Event "Imperia Corallo op-B 2nd"]
[Site "Imperia"]
[Date "2007.11.18"]
[Round "5"]
[White "De Luca, Fabio"]
[Black "Schieppati, Fulvio"]
[Result "1-0"]
[WhiteElo "1569"]
[BlackElo "1423"]
[PlyCount "120"]
[EventDate "2007.11.16"]
[EventType "swiss"]
[EventRounds "5"]
[EventCountry "ITA"]
[SourceTitle "EXT 2010"]
[Source "ChessBase"]
[SourceDate "2010.11.25"]
[SourceVersion "1"]
[SourceVersionDate "2010.11.25"]
[SourceQuality "1"]

1. e4 e5 2. Nf3 d6 3. d4 exd4 4. Nxd4 Bd7 5. Bc4 Nc6 6. Nc3 Nxd4 7. Qxd4 Qf6 8. Be3 Qxd4 9. Bxd4 c5 10. Be3 a6 11. Nd5 0-0-0 12. 0-0-0 f6 13. Bf4 Bc6 14. Rd2 Bxd5 15. Bxd5 Ne7 16. Be6+ Kc7 17. Rhd1 Ng6 18. Bg3 h5 19. h3 h4 20. Bh2 Be7 21. Rd3 Ne5 22. Rc3 b5 23. f4 b4 24. Rcd3 Nc6 25. Bc4 a5 26. Bd5 Rh6 27. Re3 g5 28. fxg5 fxg5 29. Bxc6 Kxc6 30. e5 d5 31. Rf3 Re6 32. Re1 d4 33. Kd2 Kd5 34. Rf5 a4 35. Kd3 c4+ 36. Ke2 Rg8 37. Kf3 c3 38. bxc3 dxc3 39. Rb1 Kc4 40. Ke4 Rd8 41. Rf2 Rg8 42. Kf5 Reg6 43. Re2 g4 44. Re4+ Kd5 45. Rxg4 Rxg4 46. hxg4 Rf8+ 47. Kg6 Rf2 48. Rd1+ Kc4 49. Rd7 Bc5 50. e6 Rxc2 51. e7 Bxe7 52. Rxe7 Rxg2 53. Rc7+ Kd3 54. Rd7+ Kc2 55. Bf4 Rxg4+ 56. Kf5 Rg2 57. Rh7 Kb2 58. Rxh4 c2 59. Rh1 Kxa2 60. Be5 b3 1-0

[Event "Imperia Corallo op-B 2nd"]
[Site "Imperia"]
[Date "2007.11.18"]
[Round "4"]
[White "Vocaturo, Riccardo"]
[Black "De Luca, Fabio"]
[Result "1-0"]
[WhiteElo "1419"]
[BlackElo "1569"]
[PlyCount "111"]
[EventDate "2007.11.16"]
[EventType "swiss"]
[EventRounds "5"]
[EventCountry "ITA"]
[SourceTitle "EXT 2010"]
[Source "ChessBase"]
[SourceDate "2010.11.25"]
[SourceVersion "1"]
[SourceVersionDate "2010.11.25"]
[SourceQuality "1"]

1. e4 c5 2. Nf3 d6 3. Bb5+ Bd7 4. a4 a6 5. Be2 Nc6 6. 0-0 g6 7. c3 Bg7 8. d4 cxd4 9. cxd4 Qb6 10. Nc3 Nxd4 11. Nxd4 Qxd4 12. Qb3 Qa7 13. Be3 Qb8 14. Nd5 Be6 15. Bc4 Qd8 16. Bb6 Qd7 17. Nc7+ Kf8 18. Bxe6 fxe6 19. Nxa8 Nf6 20. Nc7 Kf7 21. Rfe1 Rc8 22. Rac1 Bh6 23. Rc2 Bf4 24. g3 Bh6 25. e5 Ne8 26. Nxe8 Qxe8 27. Rxc8 Qxc8 28. exd6 exd6 29. Qc3 Qd7 30. Qc7 Qxc7 31. Bxc7 d5 32. Be5 Bf8 33. Rc1 b6 34. Rc7+ Ke8 35. Rxh7 Bc5 36. Rh4 Kf7 37. b4 Be7 38. Rg4 Bf8 39. Rf4+ Ke8 40. Rf6 Bg7 41. Rxe6+ Kf7 42. Bxg7 Kxe6 43. h4 Kf5 44. Kg2 Ke4 45. f3+ Ke3 46. g4 Kf4 47. Bd4 b5 48. axb5 axb5 49. Kh3 Kxf3 50. h5 Kf4 51. hxg6 Kg5 52. g7 Kh6 53. Be5 Kh7 54. Kg3 Kh6 55. g8Q d4 56. Qg7# 1-0

[Event "Imperia Corallo op-B 1st"]
[Site "Imperia"]
[Date "2006.11.26"]
[Round "4.8"]
[White "Sensoli, Massimo"]
[Black "De Luca, Fabio"]
[Result "0-1"]
[WhiteElo "1422"]
[BlackElo "1383"]
[PlyCount "64"]
[EventDate "2006.11.24"]
[EventType "swiss"]
[EventRounds "4"]
[EventCountry "ITA"]
[SourceTitle "EXT 2024"]
[Source "ChessBase"]
[SourceDate "2023.10.10"]
[SourceVersion "1"]
[SourceVersionDate "2023.10.10"]
[SourceQuality "1"]

1. d4 d5 2. Nc3 Nf6 3. Bf4 c6 4. Nf3 Bf5 5. e3 e6 6. Bd3 Bxd3 7. Qxd3 Qb6 8. Rb1 Nbd7 9. 0-0 Be7 10. Rfe1 0-0 11. e4 dxe4 12. Nxe4 Nxe4 13. Rxe4 h6 14. Ne5 Nxe5 15. Bxe5 f6 16. Bf4 Kf7 17. Qh3 f5 18. Qh5+ g6 19. Qxh6 fxe4 20. Qh7+ Ke8 21. Qxg6+ Kd7 22. Be3 Qb5 23. a3 Qf5 24. Qxf5 Rxf5 25. Re1 Raf8 26. Re2 Rb5 27. c3 Bxa3 28. b4 a5 29. Bd2 axb4 30. c4 Rb6 31. Kf1 b3 32. Bc3 b2 0-1